000 00969nam a22002177a 4500
005 20250827142045.0
006 a|||||r|||||||||||
008 250827s |||||||| |||| 00| ||gre d
020 _a9789925575817
040 _aGR-AtMCL
_bgre
_dGR-AtMCL
_eAACR2
100 _aPhillips, Terry
_4340
_910031
245 1 0 _aΑγγλικά των επιστημών:
_bΟικονομία, Διοίκηση, Λογιστική, Χρηματοοικονομική, Πληροφορική/
_cAdams John ,McCullagh Marie ,McLisky Marie ,Roberts Mark ,Scott Roger ,Tabor Carol
260 _aNicosia:
_bBroken Hill Publishers LTD,
_c2019
300 _a786 σ.;
_c29 εκ.
650 0 _aΕκπαίδευση
_99953
650 0 _aΑγγλική γλώσσα Γραμματική Μελέτη και διδασκαλία Ελλάδα
_910032
700 _aAdams, John
_4070
_910033
700 _aΓκιούρης, Θεόδωρος Β.
_4730
_910034
942 _cBK
999 _c9900
_d9900